| 000 | 00661nam a2200241Ia 4500 | ||
|---|---|---|---|
| 003 | OSt | ||
| 005 | 20220924132246.0 | ||
| 006 | a|||||r|||| 00| 0 | ||
| 007 | ta | ||
| 008 | 220923b |||||||| |||| 00| 0 san d | ||
| 024 | _a39309 | ||
| 037 | _cTextual | ||
| 040 |
_aARTS _cARTS _bsan |
||
| 041 |
_2san _asan |
||
| 082 | _aO15wL25, J4 (O44) | ||
| 100 | _aHemacandra | ||
| 245 | 0 | _aTrisastisalakapurusacaritra tr by Helen M Johnson | |
| 260 | _c1954 | ||
| 490 | _aGaekwad's oriental series , ed by G H Bhatt; 125 | ||
| 650 | _aENGLISH LITERATURE | ||
| 942 |
_hO15wL25, J4 (O44) _cTEXL _2CC |
||
| 999 |
_c429804 _d429804 |
||